AH International Schools' Libraries

Normal view MARC view
  • Classics. Adventure

Entry Genre/Form Term

Number of records used in: 1

001 - CONTROL NUMBER

  • control field: 86565

003 - CONTROL NUMBER IDENTIFIER

  • control field: OSt

005 - DATE AND TIME OF LATEST TRANSACTION

  • control field: 20250819112224.0

008 - FIXED-LENGTH DATA ELEMENTS

  • fixed length control field: 250819|| aca||aabn | a|a d

040 ## - CATALOGING SOURCE

  • Original cataloging agency: OSt
  • Transcribing agency: OSt

155 ## - HEADING--GENRE/FORM TERM

  • Genre/form term: Classics. Adventure

670 ## - SOURCE DATA FOUND

  • Source citation: Work cat.: (OSt)49353: Defoe, Daniel., The life and adventures of Robinson Crusoe / , 2022.

For any Logos Library related questions please contact Miss Art at swongnarasuk@asianhope.org.

For any Asian Hope Library related questions please contact Miss Raza at graza@asianhope.org.

Click here to explore our ebooks!

Powered by Koha